000 00360nam a22001457a 4500
008 210308b ||||| |||| 00| 0 eng d
020 _a9780830610037
041 _aeng
080 _22nd
_a004
082 _a004
100 _a28
101 _aSHKI
245 _a3D computer Graphics A user's guide for Artists and Designers
_cGlassner, A.S
942 _2udc
_cBK
999 _c56008
_d56008